Statistics for American Pacific Coast

Click here to take the quiz!

General Stats

  • This quiz has been taken 33,645 times
    (33,633 since last reset)
  • The average score is 12 of 13

Answer Stats

Country% Correct
Canada
100%
Mexico
96%
United States
95%
Chile
90%
Guatemala
90%
Panama
89%
Colombia
88%
El Salvador
88%
Peru
88%
Ecuador
87%
Honduras
87%
Costa Rica
86%
Nicaragua
86%

Score Distribution

Percentile by Number Answered

Percent of People with Each Score

Your Score History

You have not taken this quiz since the last reset